Teoría de la acción comunicativa: complementos y estudios previos

Αποθηκεύτηκε σε:
Λεπτομέρειες βιβλιογραφικής εγγραφής
Κύριος συγγραφέας: Habermas, Jürgen (Συγγραφέας)
Μορφή: Βιβλίο
Γλώσσα:Ισπανικά
Έκδοση: Madrid Cátedra 1989
Σειρά:Colección Teorema. Serie Mayor
Θέματα:
Ετικέτες: Προσθήκη ετικέτας
Δεν υπάρχουν, Καταχωρήστε ετικέτα πρώτοι!

MARC

LEADER 00000nam a2200000 a 4500
001 UCW6988
003 CL-VaPUC
008 920805e19890000SP |||||||||||||||||spa|d
082 0 4 |a 149.94  |b HAB  |2 21 
100 |a Habermas, Jürgen  |e author  |9 334310 
245 1 0 |a Teoría de la acción comunicativa: complementos y estudios previos 
300 |a 507 p 
942 |c BK 
945 |d 19920805 00:00:00  |a rbrito 
260 |a Madrid  |b Cátedra  |c 1989 
650 0 |a Racionalismo  |9 259116 
650 0 |a Comunicación   |9 257251 
650 0 |a Semántica  |9 265318 
650 0 |a Filosofía del lenguaje  |9 257082 
583 |a last modification  |c 20121003 12:09:48  |k Rodrigo Vera 
490 0 |a Colección Teorema. Serie Mayor 
999 |c 219880  |d 219878 
952 |0 0  |1 0  |4 0  |6 149_940000000000000_HAB_1989  |7 0  |8 A  |9 211372  |a BIBEDU  |b BIBEDU  |d 2019-11-15  |i 2795647  |o 149.94 HAB 1989  |p 2795647  |r 2019-11-15  |w 2019-11-15  |y BK  |k EDU 
952 |0 0  |1 0  |4 0  |6 149_940000000000000_HAB_1989  |7 0  |8 A  |9 211373  |a BIBEDU  |b BIBEDU  |d 2019-11-15  |i 2960478  |o 149.94 HAB 1989  |p 2960478  |r 2019-11-15  |w 2019-11-15  |y BK  |k LIT 
952 |0 0  |1 0  |4 0  |6 149_940000000000000_HAB_1989  |7 0  |8 A  |9 211374  |a BIBCUR  |b BIBCUR  |d 2019-11-15  |i 3071731  |o 149.94 HAB 1989  |p 3071731  |r 2025-04-22  |w 2019-11-15  |y BK  |k PER 
952 |0 0  |1 0  |4 0  |6 149_940000000000000_HAB_1989  |7 0  |8 A  |9 211375  |a BIBCUR  |b BIBCUR  |d 2019-11-15  |i 3284387  |o 149.94 HAB 1989  |p 3284387  |r 2025-04-22  |w 2019-11-15  |y BK  |k PER